[Event "Chpt de Mque"]
[Site "?"]
[Date "????.??.??"]
[Round "2"]
[White "Marie Magdeleine, S."]
[Black "Suez Panama, G."]
[Result "0-1"]
[WhiteElo "1460"]
[BlackElo "2052"]
[PlyCount "92"]

1. c4 Nf6 2. d4 g6 3. Nf3 Bg7 4. Nc3 O-O 5. e4 d6 6. Be2 Nbd7 7. O-O e5 8. d5
Nc5 9. Qc2 a5 10. a4 Bd7 11. Re1 Qe8 12. Bd1 Nh5 13. Be3 Na6 14. Qd2 Nb4 15.
Na2 Na6 16. h3 b6 17. Nc1 Nc5 18. Bh6 Bxa4 19. Bxg7 Kxg7 20. b3 Bd7 21. Bc2 Qe7
22. Ne2 h6 23. Ra2 Qf6 24. Nh2 Rae8 25. g4 Nf4 26. Nxf4 Qxf4 27. Qxf4 exf4 28.
f3 f5 29. Raa1 fxe4 30. fxe4 Re7 31. Nf3 Rfe8 32. Nd2 h5 33. gxh5 g5 34. Kh1
Rh8 35. Bd1 Be8 36. Rg1 Kf6 37. Bf3 Bxh5 38. Bg2 g4 39. Rgf1 f3 40. Kg1 Kg7 41.
hxg4 fxg2 42. Kxg2 Bxg4 43. Rf4 Bd7 44. Rg1 Rh6 45. Kf2+ Rg6 46. Rh1 Nd3+ 0-1

[Event "Chpt de Mque"]
[Site "?"]
[Date "????.??.??"]
[Round "1"]
[White "Millon Devigne, P."]
[Black "Desnel, D."]
[Result "1-0"]
[WhiteElo "1890"]
[BlackElo "1420"]
[PlyCount "65"]

1. d4 e6 2. Nf3 Be7 3. c3 Nf6 4. Nbd2 c5 5. e3 cxd4 6. exd4 b6 7. Bd3 Qc7 8. c4
Bb7 9. Qe2 Nh5 10. g3 Nc6 11. a3 Nb8 12. b4 Nc6 13. Bb2 Bf6 14. Ne4 Ne7 15.
Nfd2 g6 16. Nxf6+ Nxf6 17. d5 Neg8 18. Ne4 Kf8 19. d6 Qd8 20. f3 h5 21. Nxf6
Nxf6 22. Qe5 Kg7 23. Rf1 h4 24. g4 a6 25. g5 Rh5 26. Qf4 Kg8 27. Bxf6 Qc8 28.
Rc1 Qb8 29. Qd4 Bc6 30. b5 axb5 31. cxb5 Bd5 32. Rc7 Rxa3 33. Qxb6 1-0

[Event "Championnat de martinique"]
[Site "?"]
[Date "????.03.23"]
[Round "1"]
[White "RUSTAL"]
[Black "CHANCEREL"]
[Result "1-0"]
[WhiteElo "1450"]
[BlackElo "1910"]
[PlyCount "70"]

1. e4 d6 2. Nf3 g6 3. Nc3 Nf6 4. Bc4 c6 5. d3 Bg4 6. h3 Bxf3 7. Qxf3 Nbd7 8.
Bb3 Bg7 9. O-O O-O 10. Bd2 b5 11. a4 b4 12. Ne2 a5 13. Nd4 Qc8 14. Rab1 c5 15.
Nb5 Ne5 16. Qe2 Nc6 17. c3 Rb8 18. f4 Qd7 19. f5 Nh5 20. Qe3 Be5 21. fxg6 hxg6
22. Qh6 Bg7 23. Qxg6 c4 24. Bxc4 d5 25. Bxd5 Qxd5 26. Qxg7+ Kxg7 27. exd5 Ne5
28. Rf5 Nxd3 29. Rxh5 Rbd8 30. b3 Rd6 31. Rf1 Rg6 32. c4 Nc5 33. Rf3 f6 34. Nd4
e5 35. Nf5+ Kf7 1-0

[Event "Championnat de martinique"]
[Site "?"]
[Date "????.03.23"]
[Round "1"]
[White "MARIE-MAGDELEINE , Maéva"]
[Black "MEDEUF, Jonhel"]
[Result "0-1"]
[WhiteElo "1420"]
[BlackElo "1840"]
[PlyCount "135"]

1. d4 Nf6 2. Nf3 e6 3. e3 c5 4. c3 Nc6 5. Be2 Be7 6. O-O O-O 7. Qc2 d5 8. b3
Qc7 9. Nbd2 b6 10. Re1 Bb7 11. Bd3 e5 12. dxe5 Nxe5 13. Nxe5 Qxe5 14. Nf3 Qh5
15. Qe2 Bd6 16. g3 Bc8 17. Nh4 Bg4 18. f3 Be6 19. Qf2 Be7 20. Ng2 g5 21. Be2
Qg6 22. Bd2 Rad8 23. Red1 Bd6 24. Be1 c4 25. Rd2 g4 26. Nf4 Bxf4 27. exf4 gxf3
28. Bxf3 Ng4 29. Bxg4 Qxg4 30. Rad1 Rd7 31. f5 Bxf5 32. Rxd5 cxb3 33. axb3 Rxd5
34. Rxd5 Be6 35. Rd4 Qg5 36. b4 Qe7 37. Qe3 Kh8 38. Rh4 Rg8 39. Qh6 Rg7 40. Bd2
Bf5 41. Qe3 Qxh4 42. Qe8+ Rg8 43. Qe5+ f6 44. Qxf5 Qg4 45. Qxf6+ Qg7 46. Qf2
Rf8 47. Qe1 Qf7 48. Qe5+ Qf6 49. Qe1 Kg8 50. Bf4 Qg6 51. Bd2 Re8 52. Qf2 Qb1+
53. Qf1 Qxf1+ 54. Kxf1 Kf7 55. Kf2 Kg6 56. Kf3 a5 57. bxa5 bxa5 58. c4 a4 59.
Bb4 Rb8 60. Bd6 Rb3+ 61. Ke4 a3 62. c5 Rb2 63. c6 a2 64. c7 Rc2 65. Be5 Rxc7
66. h4 Re7 67. Kf4 Rxe5 68. Kxe5 0-1

[Event "Championnat de martinique"]
[Site "?"]
[Date "????.03.23"]
[Round "1"]
[White "JEAN-THEODORE, Stéphane"]
[Black "STOIME, Loic"]
[Result "1-0"]
[WhiteElo "1830"]
[BlackElo "1410"]
[PlyCount "37"]

1. e4 e5 2. Nf3 Nc6 3. c3 Bc5 4. Bc4 Nf6 5. d4 exd4 6. cxd4 Bb4+ 7. Nc3 Nxe4 8.
O-O Nxc3 9. bxc3 Bxc3 10. Bxf7+ Kxf7 11. Qb3+ d5 12. Ng5+ Ke7 13. Qxc3 a5 14.
Qf3 Rf8 15. Re1+ Be6 16. Rxe6+ Kd7 17. Qg4 h5 18. Re7+ Kd6 19. Qe6# 1-0

[Event "chpt de mque"]
[Site "?"]
[Date "2002.03.23"]
[Round "1"]
[White "ESVA, Déreck"]
[Black "JEAN THEODORE, Yohan"]
[Result "0-1"]
[WhiteElo "1790"]
[BlackElo "1380"]
[PlyCount "45"]

1. e4 e5 2. f4 Nc6 3. Nf3 f5 4. d4 fxe4 5. Nxe5 d5 6. Qh5+ g6 7. Nxg6 Nf6 8.
Qh4 Rg8 9. Nxf8 Rxf8 10. Bb5 Bd7 11. Bxc6 Bxc6 12. O-O Qe7 13. f5 Rg8 14. Bg5
Qg7 15. Qf4 Qxg5 16. Qe5+ Kf8 17. g3 Re8 18. Qxc7 Qe3+ 19. Kg2 Qxd4 20. Nc3 e3
21. Rad1 Qe5 22. Qxe5 Rxe5 23. Rd4 0-1

[Event "Chpt de martinique"]
[Site "?"]
[Date "????.03.23"]
[Round "1"]
[White "RIAM, R."]
[Black "BURNET, S."]
[Result "0-1"]
[WhiteElo "1770"]
[BlackElo "1370"]
[PlyCount "72"]

1. d4 Nf6 2. c4 e6 3. Nc3 b6 4. e3 Bb7 5. Bd3 Bxg2 6. Bd2 Bxh1 7. Qc2 Bb7 8.
O-O-O Bb4 9. Nce2 Bxd2+ 10. Qxd2 Ne4 11. Qe1 Qh4 12. Ng3 Nxg3 13. hxg3 Qh5 14.
Qd2 Nc6 15. Ne2 Qa5 16. Qxa5 bxa5 17. Nc3 a6 18. Bc2 Rb8 19. e4 Ne7 20. f3 c6
21. Na4 d6 22. c5 d5 23. e5 Nf5 24. Bxf5 exf5 25. f4 Ke7 26. Re1 h5 27. Rh1 Rh6
28. Rh4 Rbh8 29. Kd2 Rg6 30. Rh3 h4 31. Ke3 Rxg3+ 32. Rxg3 hxg3 33. Kf3 Rh1 34.
Kxg3 Rd1 35. a3 Rxd4 36. Kf3 Rxa4 0-1

[Event "Chpt de Mque"]
[Site "?"]
[Date "????.??.??"]
[Round "1"]
[White "Cidolit , K."]
[Black "Mudard, F."]
[Result "1/2-1/2"]
[WhiteElo "1099"]
[BlackElo "1499"]
[PlyCount "100"]

1. e4 e5 2. Nf3 Nc6 3. Bb5 Nf6 4. Nc3 Bb4 5. d3 O-O 6. Bd2 Nd4 7. O-O c6 8. Ba4
d5 9. exd5 cxd5 10. Nxe5 Ng4 11. Nxg4 Bxg4 12. Qxg4 Nxc2 13. Bh6 g6 14. Bxf8
Bxf8 15. Bxc2 Rc8 16. Bb3 f5 17. Qf4 Bg7 18. Bxd5+ Kf8 19. Bxb7 Rc7 20. Nd1 Qb8
21. Bd5 Bxb2 22. Nxb2 Qxb2 23. Rab1 Qc2 24. Rb8+ Kg7 25. Rb7 Rxb7 26. Bxb7 Qxa2
27. Qe3 Kf7 28. Qd4 Qa3 29. Ra1 Qb3 30. Qxa7 Kf6 31. Qa6+ Kg7 32. Qc4 Qxb7 33.
Re1 Qa7 34. d4 Qa5 35. Re2 $4 Qa1+ 36. Re1 Qxe1+ 37. Qf1 Qd2 38. Qc4 Qd1+ 39.
Qf1 Qxd4 40. g3 f4 41. g4 g5 42. h3 Kg6 43. Kg2 Qd5+ 44. f3 Qd2+ 45. Qf2 Qxf2+
46. Kxf2 h5 47. gxh5+ Kxh5 48. Kg2 Kg6 49. h4 gxh4 50. Kh3 Kg5 1/2-1/2

[Event "Chpt de Mque"]
[Site "?"]
[Date "????.??.??"]
[Round "?"]
[White "Nero, A."]
[Black "Marin , A."]
[Result "1-0"]
[WhiteElo "1499"]
[BlackElo "1099"]
[PlyCount "35"]

1. d4 e6 2. c4 Nc6 3. Nf3 Bb4+ 4. Bd2 Bxd2+ 5. Nbxd2 d5 6. e3 dxc4 7. Bxc4 e5
8. Qb3 Bg4 9. Bxf7+ Ke7 10. h3 Bxf3 11. Nxf3 Na5 12. Qe6+ Kf8 13. Nxe5 Qe7 14.
Nd7+ Qxd7 15. Qxd7 Nf6 16. Qxc7 Nd5 17. Bxd5 b5 18. Qf7# 1-0

[Event "Chpt de Mque"]
[Site "?"]
[Date "????.??.??"]
[Round "1"]
[White "Ancival, L."]
[Black "Hubervic Renard, B."]
[Result "1-0"]
[WhiteElo "1760"]
[BlackElo "1350"]
[PlyCount "77"]

1. e4 e5 2. Bc4 Bc5 3. Nc3 d6 4. Nge2 Qe7 5. Nd5 Qd8 6. b4 c6 7. bxc5 cxd5 8.
Bxd5 dxc5 9. O-O Nf6 10. c4 Nxd5 11. cxd5 O-O 12. Ba3 b6 13. Qc2 Bb7 14. Rab1
Nd7 15. Nc3 Qc7 16. Rfe1 Ba6 17. Re3 Rab8 18. Na4 g6 19. Qc3 f5 20. d3 f4 21.
Rf3 g5 22. h3 h5 23. g4 h4 24. Nb2 b5 25. Nd1 Rfc8 26. Bb2 c4 27. Qa3 Rb6 28.
d4 b4 29. Qa4 c3 30. Rc1 exd4 31. Nxc3 dxc3 32. Bxc3 bxc3 33. Rfxc3 Qd8 34.
Rxc8 Bxc8 35. Qxa7 Ra6 36. Qd4 Rxa2 37. d6 Kf8 38. Qh8+ Kf7 39. Qxd8 1-0

[Event "Chpt de Mque"]
[Site "?"]
[Date "????.??.??"]
[Round "1"]
[White "Medeuf, Y."]
[Black "Cidolit, K."]
[Result "1-0"]
[WhiteElo "1960"]
[BlackElo "1450"]
[PlyCount "30"]

1. e4 e5 2. Nf3 Nc6 3. Bc4 Bc5 4. c3 Nf6 5. d4 exd4 6. cxd4 Bb4+ 7. Nc3 Bxc3+
8. bxc3 Nxe4 9. Ba3 d6 10. d5 Ne7 11. O-O O-O 12. Bc1 Nxc3 13. Qd4 Ncxd5 14.
Bb2 Nf6 15. Qd2 Ne4 1-0

[Event "?"]
[Site "?"]
[Date "????.??.??"]
[Round "4"]
[White "Mudard, F."]
[Black "Duclos, D'joan"]
[Result "1-0"]
[WhiteElo "1499"]
[BlackElo "1300"]
[PlyCount "65"]

1. e4 e5 2. Nf3 Nc6 3. Bc4 h6 4. Nc3 Nf6 5. O-O Nd4 6. Nxe5 Qe7 7. Nxf7 Rg8 8.
Nd6+ Qxd6 9. Bxg8 Nxg8 10. Re1 Qe5 11. d3 Bd6 12. g3 Qf6 13. Kf1 Bb4 14. Nd5
Qd6 15. c3 Bc5 16. cxd4 Bxd4 17. Bf4 Qc5 18. Rc1 Qa5 19. Nxc7+ Kf7 20. Nxa8
Bxb2 21. Qb3+ Ke8 22. Qxg8+ Ke7 23. Rxc8 Kf6 24. Rf8+ Kg6 25. Qf7+ Kh7 26. Qg8+
Kg6 27. Rb1 Bd4 28. Rxb7 Qa4 29. Rxd7 Qxd7 30. h3 Kh5 31. Kg2 g5 32. g4+ Kh4
33. Bg3# 1-0

[Event "Chpt de Mque"]
[Site "?"]
[Date "????.??.??"]
[Round "1"]
[White "Marceline, P."]
[Black "Bingue, H."]
[Result "1-0"]
[WhiteElo "1610"]
[BlackElo "1270"]
[PlyCount "25"]

1. e4 e5 2. Nf3 Nf6 3. Nxe5 Qe7 4. Nf3 Nxe4 5. Be2 d6 6. O-O Qf6 7. Re1 Qg6 8.
Nc3 Bh3 9. Nh4 Qf6 10. Nxe4 Qxh4 11. Nf6+ Qxf6 12. Bb5+ Kd8 13. Re8# 1-0

[Event "cht de Mque"]
[Site "?"]
[Date "????.??.??"]
[Round "1.12"]
[White "Duclos, d'joan"]
[Black "Gautier, Jean luc"]
[Result "*"]
[WhiteElo "1300"]
[BlackElo "1710"]
[PlyCount "66"]

1. e4 d5 2. Nc3 d4 3. Nb5 e5 4. Nf3 Bg4 5. Be2 Bxf3 6. Bxf3 Qd7 7. Be2 a6 8.
Na3 Nf6 9. d3 Nc6 10. O-O Be7 11. Bg5 h6 12. Bxf6 Bxf6 13. Bg4 Qe7 14. Nc4 g6
15. c3 h5 16. Bh3 Bg7 17. Qa4 b5 18. Qb3 bxc4 19. Qxc4 Qd6 20. cxd4 Nxd4 21.
Rfe1 Qc6 22. Qxc6+ Nxc6 23. Rac1 Nd4 24. Rxc7 O-O 25. b4 Rfb8 26. a3 Bf8 27.
Kf1 a5 28. Rec1 axb4 29. axb4 Bxb4 30. Rc8+ Rxc8 31. Bxc8 Ra3 32. Rc4 Ra1+ 33.
Rc1 Rxc1# *

[Event "cht de Mque"]
[Site "?"]
[Date "????.??.??"]
[Round "1.13"]
[White "Lefort, Philippe"]
[Black "Marchal, jean"]
[Result "1-0"]
[WhiteElo "1199"]
[BlackElo "1700"]
[PlyCount "45"]

1. c4 c6 2. Nc3 d5 3. d4 e6 4. Nf3 Nf6 5. e3 Nbd7 6. Bd3 dxc4 7. Bxc4 b5 8. Bd3
a6 9. e4 c5 10. Be3 cxd4 11. Bxd4 Nc5 12. e5 Nxd3+ 13. Qxd3 Nd5 14. O-O Bb7 15.
Rad1 Be7 16. Nxd5 Bxd5 17. Rd2 Bc4 18. Qc3 Bxf1 19. Qc6+ Kf8 20. Bc5 Bd3 21.
Rxd3 Qxd3 22. Qxa8+ Qd8 23. Qxd8# 1-0

[Event "cht de Mque"]
[Site "?"]
[Date "????.??.??"]
[Round "1.15"]
[White "Edmond, Y."]
[Black "Mongin, L."]
[Result "1-0"]
[WhiteElo "1630"]
[BlackElo "1300"]
[PlyCount "93"]

1. d4 d5 2. Nf3 Nf6 3. Bf4 Bf5 4. e3 e6 5. Be2 a6 6. O-O Ne4 7. Nbd2 c5 8. Nxe4
Bxe4 9. c3 c4 10. Nd2 f5 11. f3 Bd3 12. Bxd3 cxd3 13. Nb3 Bd6 14. Bxd6 Qxd6 15.
Qxd3 O-O 16. Rae1 Nc6 17. c4 Nb4 18. Qd1 dxc4 19. Nc1 Rae8 20. a3 Nc6 21. Qc2
b5 22. Ne2 e5 23. Ng3 g6 24. dxe5 Nxe5 25. Rd1 Nd3 26. e4 Qd4+ 27. Kh1 Qxb2 28.
Qxb2 Nxb2 29. Rd6 Rd8 30. Rxa6 Rd2 31. exf5 gxf5 32. h3 Rc8 33. Nxf5 Rc7 34.
Nh6+ Kg7 35. Kh2 Nd3 36. Nf5+ Kf8 37. Rb1 c3 38. Rxb5 c2 39. Rf6+ Ke8 40. Rb8+
Rc8 41. Rxc8+ Kd7 42. Rxc2 Rxc2 43. Rd6+ Kc7 44. Rxd3 Rc5 45. Ng7 Ra5 46. f4
Kc6 47. f5 1-0

[Event "cht de Mque"]
[Site "?"]
[Date "????.??.??"]
[Round "1.18"]
[White "Laval, D."]
[Black "SABIN, Joel"]
[Result "1-0"]
[WhiteElo "1260"]
[BlackElo "1640"]
[PlyCount "75"]

1. e4 e5 2. d3 Nc6 3. Bd2 Bc5 4. Nc3 Nf6 5. Be2 d6 6. h3 Be6 7. Bg5 h6 8. Bxf6
Qxf6 9. Nf3 O-O-O 10. Qd2 Nd4 11. Nd5 Bxd5 12. exd5 Rhe8 13. c3 a5 14. O-O
Nxf3+ 15. Bxf3 g5 16. b4 axb4 17. cxb4 Ba7 18. Qc2 Qf4 19. Rac1 Re7 20. Bg4+ f5
21. g3 Qxg3+ 22. Kh1 Qf4 23. Bh5 Qh4 24. Bg6 Qxh3+ 25. Kg1 f4 26. d4 f3 27.
Bf5+ Qxf5 28. Qxf5+ Kb8 29. Qxf3 g4 30. Qxg4 Ree8 31. Qe2 Rg8+ 32. Kh1 Rg5 33.
Rcd1 Rdg8 34. Rg1 Bxd4 35. Rxg5 Rxg5 36. Rg1 Rxg1+ 37. Kxg1 b6 38. Qh5 {
Les blancs gagnent} 1-0

[Event "cht de Mque"]
[Site "?"]
[Date "????.??.??"]
[Round "1.18"]
[White "Harmenil, K."]
[Black "Deblay, Nicolas"]
[Result "1/2-1/2"]
[WhiteElo "1600"]
[BlackElo "1250"]
[PlyCount "27"]

1. e4 e5 2. Nf3 d6 3. d4 exd4 4. Nxd4 Nf6 5. Nc3 g6 6. Be3 Bg7 7. f3 O-O 8. Qd2
Nc6 9. Nxc6 bxc6 10. Bh6 Be6 11. Bd3 c5 12. Bxg7 Kxg7 13. b3 Rb8 14. Bb5 {
Partie mal notee} 1/2-1/2

[Event "cht de Mque"]
[Site "?"]
[Date "????.??.??"]
[Round "1.20"]
[White "Deblay , M."]
[Black "Auguste , Guilaine"]
[Result "1-0"]
[WhiteElo "1230"]
[BlackElo "1570"]
[PlyCount "45"]

1. e4 e5 2. Nf3 d6 3. Bc4 Bg4 4. d3 Nf6 5. Be3 Be7 6. Nbd2 c5 7. c3 O-O 8. Qb3
Qd7 9. h3 Bh5 10. g4 Bg6 11. Nh4 Nxe4 12. Nxg6 Nxd2 13. Nxf8 Nxb3 14. Nxd7 Nxa1
15. Nxb8 Nc2+ 16. Kd2 Nxe3 17. fxe3 Rxb8 18. Bd5 b6 19. a3 g6 20. b4 Kg7 21.
Rf1 Rf8 22. Kc2 f5 23. gxf5 {Partie mal notee} 1-0

[Event "cht de Mque"]
[Site "?"]
[Date "????.??.??"]
[Round "1.20"]
[White "Rapon, K."]
[Black "Milton, Stéphane"]
[Result "1-0"]
[WhiteElo "1530"]
[BlackElo "1360"]
[PlyCount "27"]

1. e4 e6 2. d4 d5 3. Nd2 Nf6 4. Bd3 c5 5. e5 Nfd7 6. c3 Nc6 7. Ne2 b6 8. a3
cxd4 9. cxd4 Be7 10. f4 O-O 11. Nf3 f6 12. Qc2 Bb7 13. Bxh7+ Kf7 14. Qg6# 1-0

[Event "Chpt de Mque"]
[Site "?"]
[Date "????.??.??"]
[Round "1.26"]
[White "Germe, Jared"]
[Black "Bourgeois, Patrice"]
[Result "0-1"]
[WhiteElo "1499"]
[BlackElo "1499"]
[PlyCount "92"]

1. e4 e5 2. Nf3 Nc6 3. Be2 Nf6 4. d3 Bc5 5. O-O h6 6. Nc3 d6 7. a3 Bg4 8. Nd5
Be6 9. c4 Nd4 10. Nxd4 Bxd4 11. Nxf6+ Qxf6 12. Bg4 Qg6 13. Bxe6 Qxe6 14. Qa4+
c6 15. b4 Bxa1 16. b5 O-O 17. Qd1 Qg6 18. bxc6 bxc6 19. Be3 Bc3 20. Qa4 c5 21.
Rc1 Bb2 22. Rc2 Rfb8 23. Bc1 Bxc1 24. Rxc1 Qg5 25. Qd1 Rb2 26. Rb1 Rab8 27.
Rxb2 Rxb2 28. g3 Qd2 29. Qf3 Qe1+ 30. Kg2 Rb1 31. Kh3 Rb2 32. Qg4 Qxf2 33. Qc8+
Kh7 34. Qf5+ Qxf5+ 35. exf5 f6 36. Kg4 Rxh2 37. Kf3 a5 38. a4 Ra2 39. Ke4 Ra3
40. Kd5 Rxd3+ 41. Kc6 e4 42. Kb5 e3 43. Kxa5 e2 44. Kb6 e1=Q 45. a5 Rb3+ 46.
Ka7 Qxa5# 0-1

[Event "Chpt de Mque"]
[Site "?"]
[Date "????.??.??"]
[Round "1.27"]
[White "Goujot, G."]
[Black "Anglio, C."]
[Result "1-0"]
[WhiteElo "1499"]
[BlackElo "1099"]
[PlyCount "31"]

1. e4 e5 2. Nf3 Nf6 3. Nxe5 Nxe4 4. Qe2 Nd6 5. Nc6+ Qe7 6. Nxe7 Bxe7 7. d3 Nc6
8. g3 O-O 9. Bg2 b6 10. O-O Bf6 11. Re1 Bb7 12. c3 Na5 13. Bxb7 Ndxb7 14. Nd2
Rfe8 15. Qxe8+ Rxe8 16. Rxe8# 1-0

[Event "Chpt de Mque "]
[Site "?"]
[Date "????.??.??"]
[Round "1.28"]
[White "Justine , L."]
[Black "Louison , L."]
[Result "0-1"]
[WhiteElo "1099"]
[BlackElo "1499"]
[PlyCount "21"]

1. e4 e5 2. d3 Nf6 3. Nf3 Bc5 4. Nc3 Ng4 5. Qe2 Bxf2+ 6. Kd1 Bd4 7. Nd5 Nf2+ 8.
Ke1 Nxh1 9. h4 Ng3 10. Qe3 Nxf1 11. g3 {Partie incomprehensible} 0-1

[Event "Chpt de Mque"]
[Site "?"]
[Date "????.??.??"]
[Round "1.29"]
[White "Manuel, S."]
[Black "Milton , P."]
[Result "1-0"]
[WhiteElo "1499"]
[BlackElo "1090"]
[PlyCount "91"]

1. d4 d5 2. c4 Nf6 3. Nc3 dxc4 4. e4 Be6 5. d5 Bd7 6. Bxc4 e5 7. a3 Bc5 8. Nf3
Qe7 9. O-O Bg4 10. h3 Bxf3 11. Qxf3 O-O 12. Ne2 a5 13. Ba2 c6 14. b4 axb4 15.
axb4 Bxb4 16. d6 Bxd6 17. Bxf7+ Qxf7 18. Rxa8 b5 19. Rd1 Rd8 20. Ba3 Qf8 21.
Bxd6 Rxd6 22. Rxd6 Qxd6 23. Ng3 Kf7 24. Nf5 Qc7 25. Qe3 Nbd7 26. Ra7 Qd8 27.
Qd3 g5 28. Qd6 c5 29. Qxc5 Nxe4 30. Qd5+ Kf6 31. Qxe4 Nc5 32. Qc6+ Kxf5 33.
Qxc5 Qd1+ 34. Kh2 Qe2 35. Rxh7 b4 36. Rf7+ Ke4 37. Qxb4+ Kd3 38. Qb5+ Kd2 39.
Qxe2+ Kxe2 40. Rf5 e4 41. Rxg5 Kxf2 42. h4 e3 43. Re5 e2 44. Rxe2+ Kxe2 45. h5
Kf2 46. g4 1-0

[Event "Chpt de Mque "]
[Site "?"]
[Date "2002.03.30"]
[Round "8.1"]
[White "Medeuf, Y."]
[Black "Suez-Panama, G."]
[Result "1-0"]
[WhiteElo "1960"]
[BlackElo "2052"]
[PlyCount "77"]

1. e4 Nc6 2. d4 d5 3. e5 Bf5 4. c3 e6 5. Bd3 Nge7 6. Ne2 h5 7. Bg5 Qd7 8. Nf4
Bxd3 9. Qxd3 h4 10. Nd2 Nf5 11. b4 b6 12. Nb3 a5 13. b5 Nce7 14. a4 Ng8 15. Kd2
Ngh6 16. Qf3 Be7 17. Bxe7 Qxe7 18. g4 hxg3 19. hxg3 O-O-O 20. g4 Nh4 21. Qg3
Ng8 22. Nh5 g5 23. Rhb1 f5 24. Qd3 fxg4 25. Nxa5 Rxh5 26. Nc6 Qf7 27. Kc2 Rf8
28. a5 Qxf2+ 29. Kb3 Nf3 30. Rb2 Qg3 31. axb6 Kd7 32. Ra7 Rc8 33. b7 Ne7 34.
bxc8=Q+ Nxc8 35. Qg6 Nxd4+ 36. Nxd4 Nxa7 37. Qg7+ Kd8 38. Nc6+ Nxc6 39. bxc6
1-0

[Event "Chpt de Mque"]
[Site "?"]
[Date "????.??.??"]
[Round "8.2"]
[White "Labarthe, A."]
[Black "Jean-theodore, S."]
[Result "1-0"]
[WhiteElo "2082"]
[BlackElo "1830"]
[PlyCount "77"]

1. d4 Nf6 2. c4 e6 3. Nf3 b6 4. Nc3 Bb4 5. Bg5 h6 6. Bh4 g5 7. Bg3 Ne4 8. Qc2
Bb7 9. Nd2 f5 10. e3 Bxc3 11. bxc3 d6 12. Bd3 Nxd2 13. Kxd2 Nc6 14. h4 Kf7 15.
Rh2 Qf6 16. f3 Na5 17. Qa4 Rad8 18. hxg5 hxg5 19. Rah1 Bc6 20. Qd1 Bb7 21. Rh7+
Rxh7 22. Rxh7+ Kg8 23. Qh1 Rc8 24. Rh6 Qg7 25. Qh5 Kf8 26. Rh8+ Ke7 27. Rh7
Qxh7 28. Qxh7+ Kf6 29. e4 f4 30. e5+ dxe5 31. Qg6+ Ke7 32. Qxg5+ Kd7 33. Bh4
Re8 34. Qg7+ Kc8 35. Bg6 Nxc4+ 36. Kc2 Rd8 37. Bxd8 Kxd8 38. Qf8+ Kd7 39. Qe8+
1-0

[Event "Chpt de Mque"]
[Site "?"]
[Date "????.??.??"]
[Round "8.3"]
[White "Chancerel , D."]
[Black "Esva , D."]
[Result "1-0"]
[WhiteElo "1910"]
[BlackElo "1790"]
[PlyCount "126"]

1. e4 e6 2. d4 d5 3. Nc3 Bb4 4. Nge2 dxe4 5. a3 Bxc3+ 6. Nxc3 Nf6 7. Bg5 h6 8.
Bxf6 Qxf6 9. Nxe4 Qe7 10. Bd3 O-O 11. Qe2 b6 12. O-O-O Bb7 13. h4 c5 14. dxc5
bxc5 15. Rh3 Nc6 16. Qh5 c4 17. Bxc4 Nb4 18. Nd6 Bd5 19. axb4 Qxd6 20. Bxd5
exd5 21. Qg4 a5 22. b5 Rac8 23. Rdd3 Qb6 24. Rhg3 g6 25. Qf4 Rc4 26. Qxh6 Qxf2
27. Qd2 Qf1+ 28. Qd1 Qf4+ 29. Kb1 Qxh4 30. Rh3 Qf6 31. Rxd5 Rb4 32. c3 Rf4 33.
Rf3 a4 34. Rxf4 Qxf4 35. Qf3 Qh4 36. Rd4 Qe1+ 37. Rd1 Qe6 38. Qd5 Qf6 39. Qd4
Qf5+ 40. Ka1 Qxb5 41. Qf6 Rb8 42. Rd8+ Rxd8 43. Qxd8+ Kg7 44. Qd4+ Kg8 45. g4
a3 46. bxa3 Qb3 47. a4 Qa3+ 48. Kb1 Qb3+ 49. Kc1 Qa3+ 50. Kc2 Qa2+ 51. Kd3 Qb1+
52. Kc4 Qf1+ 53. Kc5 Qa6 54. Kb4 Qb7+ 55. Ka3 Qe7+ 56. Qb4 Qe1 57. a5 Qa1+ 58.
Kb3 Qd1+ 59. Kc4 Qxg4+ 60. Kb5 Qd7+ 61. Kb6 Qd8+ 62. Ka7 Qc7+ 63. Ka8 Qc8+ 1-0

[Event "Chpt de Mque"]
[Site "?"]
[Date "????.??.??"]
[Round "8.4"]
[White "Gautier , J-L."]
[Black "Millon-devigne , P."]
[Result "0-1"]
[WhiteElo "1710"]
[BlackElo "1890"]
[PlyCount "62"]

1. e4 d5 2. exd5 Qxd5 3. Nc3 Qa5 4. d4 c6 5. Be2 Nf6 6. Bd2 Qc7 7. Nf3 Bf5 8.
O-O e6 9. Re1 Bd6 10. g3 Nbd7 11. Bd3 Bxd3 12. cxd3 O-O 13. Ne4 Be7 14. Bg5
Rfe8 15. Bf4 Qb6 16. Nd6 Red8 17. Nc4 Qa6 18. Bg5 Nd5 19. Bxe7 Nxe7 20. Ng5 Nf6
21. Ne5 Rf8 22. Nexf7 Rxf7 23. Rxe6 Ned5 24. Nxf7 Kxf7 25. Qe2 Qb6 26. Re1 Qc7
27. g4 Qd7 28. g5 Re8 29. gxf6 Rxe6 30. Qh5+ Kg8 31. Rxe6 Qxe6 0-1

[Event "Chpt de Mque"]
[Site "?"]
[Date "????.??.??"]
[Round "8.6"]
[White "Marbot, R."]
[Black "Bagoé, S."]
[Result "*"]
[WhiteElo "1810"]
[BlackElo "1560"]
[PlyCount "59"]

1. e4 e6 2. d4 d5 3. e5 c5 4. c3 Nc6 5. Nf3 Qb6 6. a3 Bd7 7. b4 cxd4 8. cxd4
Rc8 9. Be2 Nh6 10. O-O Nf5 11. Be3 Nxe3 12. fxe3 Be7 13. Qe1 O-O 14. Nbd2 Qd8
15. Qg3 f6 16. Bd3 f5 17. Nb3 b6 18. Ba6 Rc7 19. Rac1 Nb8 20. Rxc7 Qxc7 21. Rc1
Qd8 22. Bb7 Kh8 23. b5 g5 24. a4 g4 25. Nfd2 Bh4 26. Qf4 Qg5 27. g3 Qxf4 28.
exf4 Bd8 29. Bc8 Be8 30. Bxe6 *

[Event "Chpt de Mque"]
[Site "?"]
[Date "????.??.??"]
[Round "8.7"]
[White "Burnet, S."]
[Black "Marcelline , P."]
[Result "1-0"]
[WhiteElo "1770"]
[BlackElo "1640"]
[PlyCount "110"]

1. Nf3 Nf6 2. b3 c5 3. Bb2 d5 4. e3 Nc6 5. Bb5 a6 6. Bxc6+ bxc6 7. O-O Bg4 8.
d3 e6 9. Nbd2 Be7 10. c4 O-O 11. Qc2 Qb6 12. Ne5 Bh5 13. Ndf3 Rfd8 14. Ba3 Ra7
15. d4 Bxf3 16. Nxf3 Ne4 17. dxc5 Bxc5 18. Bb2 Be7 19. Rfd1 h6 20. Rac1 c5 21.
Ne5 Nf6 22. cxd5 Rxd5 23. Nd3 Rad7 24. Ne5 Rxd1+ 25. Rxd1 Rxd1+ 26. Qxd1 Qd6
27. Qxd6 Bxd6 28. Nc4 Bc7 29. Bxf6 gxf6 30. g4 Kf8 31. Nd2 Ke7 32. Ne4 Bd6 33.
Kg2 f5 34. gxf5 exf5 35. Nc3 Ke6 36. f4 Bc7 37. Kf3 Ba5 38. Ne2 Kd5 39. Ng3 c4
40. bxc4+ Kxc4 41. Nxf5 Kb4 42. Nxh6 Ka3 43. Nxf7 Kxa2 44. h4 Kb3 45. h5 Bb4
46. h6 Bf8 47. h7 Bg7 48. h8=Q Bxh8 49. Nxh8 a5 50. f5 a4 51. f6 a3 52. f7 a2
53. f8=Q a1=Q 54. Qf7+ Kc2 55. Qc4+ Kd2 1-0

[Event "Chpt de Mque"]
[Site "?"]
[Date "????.??.??"]
[Round "8.9"]
[White "Milton , C."]
[Black "Gouait, R."]
[Result "0-1"]
[WhiteElo "1490"]
[BlackElo "1710"]
[PlyCount "66"]

1. e4 d6 2. d4 g6 3. Nc3 Bg7 4. Bf4 Nd7 5. Nf3 e6 6. Be2 a6 7. Qd2 Ne7 8. Bh6
O-O 9. O-O-O b6 10. g4 Bb7 11. Rdg1 Nf6 12. h4 Nxe4 13. Nxe4 Bxe4 14. h5 c5 15.
Rh3 Nd5 16. Bxg7 Kxg7 17. Ng5 Nf6 18. f3 Bd5 19. c4 Bb7 20. dxc5 dxc5 21. hxg6
Qxd2+ 22. Kxd2 hxg6 23. Rgh1 Ne8 24. Kc2 Nd6 25. Bd3 Rh8 26. Rxh8 Rxh8 27. Rxh8
Kxh8 28. b3 Kg7 29. Kd2 Kf6 30. Ne4+ Nxe4+ 31. Bxe4 Bxe4 32. fxe4 Kg5 33. Ke3
Kxg4 0-1

[Event "Chpt de Mque"]
[Site "?"]
[Date "????.??.??"]
[Round "8.9"]
[White "Cepisul, D."]
[Black "Rapon, C."]
[Result "1-0"]
[WhiteElo "1700"]
[BlackElo "1530"]
[PlyCount "48"]

1. d4 e6 2. c4 Nf6 3. a3 h6 4. Nc3 c5 5. dxc5 Bxc5 6. e3 O-O 7. b4 Be7 8. Nf3
a6 9. Be2 Qc7 10. Bb2 b6 11. O-O Bb7 12. Rc1 d6 13. Nd2 Nfd7 14. Nce4 f5 15.
Ng3 a5 16. Nh5 Nf6 17. Nf4 Qc8 18. Ng6 Re8 19. Nxe7+ Rxe7 20. Nf3 Qc7 21. Nh4
Kh7 22. Bh5 e5 23. Bg6+ Kh8 24. Bxf5 Rf7 1-0

[Event "Chpt de Mque"]
[Site "?"]
[Date "????.??.??"]
[Round "8.10"]
[White "Soïme-Radigoy, L."]
[Black "Edmond, Y."]
[Result "0-1"]
[WhiteElo "1410"]
[BlackElo "1670"]
[PlyCount "88"]

1. e4 c5 2. c3 d6 3. d4 cxd4 4. cxd4 e6 5. Nf3 Nf6 6. Nc3 Be7 7. Bd2 a6 8. Be2
b5 9. a3 Bb7 10. e5 dxe5 11. dxe5 Nd5 12. Nxd5 Bxd5 13. Bc3 Nd7 14. Bd3 Qb6 15.
b4 Qb7 16. Be2 Rc8 17. Rc1 Nb6 18. O-O Nc4 19. Ra1 O-O 20. Qd3 Be4 21. Qd1 Ne3
22. fxe3 Rxc3 23. Qd2 Rfc8 24. Rf2 Qc7 25. Rff1 Rd8 26. Qb2 Rxe3 27. Rac1 Qb6
28. Kh1 g6 29. Ra1 Bd5 30. Bd1 Bc4 31. Re1 Rxe1+ 32. Nxe1 Qe3 33. Nf3 Bg5 34.
a4 Bd5 35. axb5 Bxf3 36. Bxf3 Rd2 37. Qc1 Qxe5 38. Rb1 Rd4 39. Qc8+ Kg7 40.
Qxa6 Rh4 41. g3 Qxg3 42. Rb2 Qxf3+ 43. Kg1 Rg4+ 44. Rg2 Qxg2# 0-1